000 00467nam a2200181Ia 4500
008 131103s9999 xx 000 0 und d
020 _a706427378
040 _aLoreto College
041 _aEnglish
082 _aF/CAR
_bLCBED/9913
100 _aCarre, John Le
245 4 _aThe spy who came in frpm the cold
_cJohn Le Carre
260 _aLondon
_bOctopus
_c1968
300 _a706p.
_c 23cm.
650 _aEnglish fiction
850 _aLCBED/F/CAR
942 _cBK
999 _c32917
_d83396